[Event "Bayern-chTT (RL Nord-West)"]
[Site "Bayern 2008/09"]
[Date "2008.10.26"]
[Round "2.7"]
[White "Link, Klaus"]
[Black "Lichtinger, Bernd"]
[Result "1/2-1/2"]
[WhiteElo "1935"]
[BlackElo "2010"]
[PlyCount "59"]
[EventDate "2009.03.??"]
[EventType "team-tourn"]
[EventRounds "9"]
[WhiteTeam "Klingenberg 1"]
[BlackTeam "Marktleuthen 1"]

1. e4 c5 2. c3 d5 3. exd5 Qxd5 4. d4 Nf6 5. Nf3 Bg4 6. Be2 e6 7. O-O Nc6 8. h3
Bh5 9. Be3 Be7 10. dxc5 Qxd1 11. Rxd1 Nd5 12. Bd4 Nf4 13. Bf1 Nxh3+ 14. gxh3
Bxf3 15. Rd3 Be4 16. Rg3 O-O-O 17. Nd2 Bg6 18. Bxg7 Rhg8 19. Bh6 Bxc5 20. Nb3
Bd6 21. f4 e5 22. fxe5 Bxe5 23. Rg2 Be4 24. Rxg8 Rxg8+ 25. Kf2 Bg3+ 26. Ke3 Re8
27. Kd2 Bg6 28. Nd4 Rd8 29. Ke3 Re8+ 30. Kf3 1/2-1/2

[Event "Bayern-chTT (RL Nord-West)"]
[Site "Bayern 2008/09"]
[Date "2008.10.26"]
[Round "2.8"]
[White "Kuespert, Sven"]
[Black "Teixeira, Paulo"]
[Result "1/2-1/2"]
[WhiteElo "1681"]
[BlackElo "1781"]
[PlyCount "51"]
[EventDate "2009.03.??"]
[EventType "team-tourn"]
[EventRounds "9"]
[WhiteTeam "Marktleuthen 1"]
[BlackTeam "Klingenberg 1"]

1. c4 c5 2. g3 Nc6 3. Nc3 d6 4. Bg2 g6 5. e3 Bg7 6. Nge2 Nf6 7. b3 Bd7 8. O-O
O-O 9. Bb2 Rb8 10. d4 Qc8 11. dxc5 dxc5 12. Nf4 e6 13. Qe2 Rd8 14. Rad1 a6 15.
Rd2 Qc7 16. Rfd1 Be8 17. Na4 b6 18. Nd3 Rbc8 19. Qf3 Nh5 20. Bxg7 Kxg7 21. Nf4
Nf6 22. Qe2 Ne7 23. Nc3 Bc6 24. Bxc6 Nxc6 25. h4 h5 26. Rxd8 1/2-1/2

[Event "Bayern-chTT (RL Nord-West)"]
[Site "Bayern 2008/09"]
[Date "2008.10.26"]
[Round "2.1"]
[White "Braeutigam, Thomas"]
[Black "Breithut, Kurt-Georg"]
[Result "1/2-1/2"]
[WhiteElo "2036"]
[BlackElo "2126"]
[PlyCount "36"]
[EventDate "2009.03.??"]
[EventType "team-tourn"]
[EventRounds "9"]
[WhiteTeam "Würzburg 2"]
[BlackTeam "Bamberg-SC 2"]

1. Nf3 d5 2. d4 Nf6 3. c4 c6 4. Nc3 g6 5. e3 Bg7 6. Be2 O-O 7. O-O Bg4 8. cxd5
Nxd5 9. h3 Bxf3 10. Bxf3 e6 11. Rb1 Nd7 12. Bd2 Re8 13. b4 Nxc3 14. Bxc3 a6 15.
Qc2 Nb6 16. Rfd1 Qe7 17. a4 Nd5 18. Bd2 Rac8 1/2-1/2

[Event "Bayern-chTT (RL Nord-West)"]
[Site "Bayern 2008/09"]
[Date "2008.10.26"]
[Round "2.3"]
[White "Vogt, Thomas(67)"]
[Black "Denk, Stefan(79)"]
[Result "1/2-1/2"]
[WhiteElo "1895"]
[BlackElo "1946"]
[PlyCount "44"]
[EventDate "2009.03.??"]
[EventType "team-tourn"]
[EventRounds "9"]
[WhiteTeam "Würzburg 2"]
[BlackTeam "Bamberg-SC 2"]

1. e4 e6 2. d4 c5 3. Nf3 cxd4 4. Nxd4 a6 5. Nc3 Nc6 6. Be3 d6 7. Be2 Nf6 8. O-O
Be7 9. f4 O-O 10. Kh1 Qc7 11. Nb3 b5 12. a3 Bb7 13. Bf3 Rac8 14. Qe1 Rfd8 15.
Qg3 Bf8 16. Rae1 Na5 17. Nxa5 Qxa5 18. Qf2 Nd7 19. Bc1 b4 20. axb4 Qxb4 21. e5
Nc5 22. f5 exf5 1/2-1/2

[Event "Bayern-chTT (RL Nord-West)"]
[Site "Bayern 2008/09"]
[Date "2008.10.26"]
[Round "2.4"]
[White "Bucka, Reinhard"]
[Black "Ersoez, Can"]
[Result "1-0"]
[WhiteElo "1971"]
[BlackElo "1883"]
[PlyCount "63"]
[EventDate "2009.03.??"]
[EventType "team-tourn"]
[EventRounds "9"]
[WhiteTeam "Bamberg-SC 2"]
[BlackTeam "Würzburg 2"]

1. c4 g6 2. g3 Bg7 3. Bg2 d6 4. d4 Nf6 5. Nf3 O-O 6. O-O Nc6 7. d5 Na5 8. Nfd2
c5 9. Nc3 a6 10. e4 Rb8 11. a4 Bd7 12. Qe2 e6 13. dxe6 Bxe6 14. Nd5 Re8 15. Qd3
Nc6 16. Nf4 Bc8 17. Ra3 Ng4 18. Nf3 Nb4 19. Qb1 Qe7 20. Re1 Bd7 21. h3 Ne5 22.
Nxe5 Qxe5 23. a5 Bc6 24. Rae3 Qd4 25. b3 b5 26. axb6 Rxb6 27. Nd5 Bxd5 28. exd5
Rxe3 29. Rxe3 Qd1+ 30. Bf1 Bd4 31. Re8+ Kg7 32. Bh6+ 1-0

[Event "Bayern-chTT (RL Nord-West)"]
[Site "Bayern 2008/09"]
[Date "2008.10.26"]
[Round "2.6"]
[White "Stich, Christopher"]
[Black "Kinkelin, Ulrich"]
[Result "1/2-1/2"]
[WhiteElo "1951"]
[BlackElo "1899"]
[PlyCount "26"]
[EventDate "2009.03.??"]
[EventType "team-tourn"]
[EventRounds "9"]
[WhiteTeam "Bamberg-SC 2"]
[BlackTeam "Würzburg 2"]

1. e4 d5 2. exd5 Nf6 3. d4 Bg4 4. Be2 Bxe2 5. Qxe2 Qxd5 6. Nf3 e6 7. Bf4 Bd6 8.
Bg3 O-O 9. Nc3 Qa5 10. O-O Bxg3 11. hxg3 Qh5 12. Qe5 Qxe5 13. Nxe5 Rd8 1/2-1/2

[Event "Bayern-chTT (RL Nord-West)"]
[Site "Bayern 2008/09"]
[Date "2008.10.26"]
[Round "2.7"]
[White "Bachmann, Wolfgang"]
[Black "Sappok, Johann"]
[Result "1-0"]
[WhiteElo "1903"]
[BlackElo "1932"]
[PlyCount "45"]
[EventDate "2009.03.??"]
[EventType "team-tourn"]
[EventRounds "9"]
[WhiteTeam "Würzburg 2"]
[BlackTeam "Bamberg-SC 2"]

1. d4 d5 2. Nf3 Nf6 3. Bg5 e6 4. e3 Be7 5. Nbd2 O-O 6. Bd3 Nbd7 7. O-O h6 8.
Bh4 c5 9. c3 b6 10. Ne5 Nxe5 11. dxe5 Nd7 12. Bxe7 Qxe7 13. f4 f5 14. exf6 Nxf6
15. e4 dxe4 16. Nxe4 e5 17. Qe2 exf4 18. Rxf4 Be6 19. Nxf6+ Rxf6 20. Rxf6 Qxf6
21. Rf1 Qe7 22. Qe4 g5 23. Qxa8+ 1-0

[Event "Bayern-chTT (RL Nord-West)"]
[Site "Bayern 2008/09"]
[Date "2008.10.26"]
[Round "2.8"]
[White "Ortlauf, Erwin"]
[Black "Reitz, Helmut(55)"]
[Result "0-1"]
[WhiteElo "1910"]
[BlackElo "1859"]
[PlyCount "62"]
[EventDate "2009.03.??"]
[EventType "team-tourn"]
[EventRounds "9"]
[WhiteTeam "Bamberg-SC 2"]
[BlackTeam "Würzburg 2"]

1. d4 Nf6 2. c4 e5 3. dxe5 Ng4 4. Bf4 Nc6 5. Nf3 Bb4+ 6. Nbd2 Qe7 7. e3 Ngxe5
8. Nxe5 Nxe5 9. a3 Bxd2+ 10. Qxd2 O-O 11. Qd4 Re8 12. Be2 d6 13. O-O Bd7 14. b4
Ng6 15. Bg3 Rad8 16. Qxa7 f5 17. Bf3 Bc6 18. Bxc6 bxc6 19. Qd4 Qf7 20. Qc3 Re4
21. Rac1 f4 22. exf4 Nxf4 23. Bxf4 Qxf4 24. Qg3 Qf7 25. c5 d5 26. Rce1 Rf4 27.
Re2 Rf8 28. Rfe1 Rc4 29. Qe5 Re4 30. Qg3 Rc4 31. Re7 Qxe7 0-1

[Event "Bayern-chTT (RL Nord-West)"]
[Site "Bayern 2008/09"]
[Date "2008.11.30"]
[Round "3.1"]
[White "Kliche, Alexander"]
[Black "Braeutigam, Thomas"]
[Result "1-0"]
[WhiteElo "2126"]
[BlackElo "2036"]
[PlyCount "85"]
[EventDate "2009.03.??"]
[EventType "team-tourn"]
[EventRounds "9"]
[WhiteTeam "Kitzingen 1"]
[BlackTeam "Würzburg 2"]

1. e4 c5 2. Nf3 e6 3. Nc3 Nc6 4. Bb5 Nge7 5. O-O a6 6. Bxc6 Nxc6 7. d4 cxd4 8.
Nxd4 d6 9. Re1 Bd7 10. Nxc6 bxc6 11. b3 Be7 12. Qg4 Bf6 13. e5 dxe5 14. Ne4 O-O
15. Rd1 Kh8 16. Rd3 Be7 17. Qh5 g6 18. Qh6 f6 19. Bb2 Rf7 20. Rad1 Ra7 21. Qd2
Bf8 22. f4 Qb6+ 23. Kh1 Bg7 24. Nd6 Re7 25. Nc4 Qc7 26. Ba3 c5 27. fxe5 fxe5
28. Qe3 e4 29. R3d2 Bd4 30. Rxd4 cxd4 31. Qxd4+ e5 32. Nxe5 Qxe5 33. Qxa7 Rf7
34. Bc5 Kg8 35. Rxd7 Rxd7 36. Qxd7 Qxc5 37. Qe8+ Qf8 38. Qxf8+ Kxf8 39. Kg1 Ke7
40. Kf2 Kd6 41. Ke3 Ke5 42. c4 a5 43. a3 1-0

[Event "Bayern-chTT (RL Nord-West)"]
[Site "Bayern 2008/09"]
[Date "2008.11.30"]
[Round "3.2"]
[White "Kuhn, Norbert"]
[Black "Kannenberg, Karl-Heinz"]
[Result "1/2-1/2"]
[WhiteElo "2081"]
[BlackElo "2132"]
[PlyCount "167"]
[EventDate "2009.03.??"]
[EventType "team-tourn"]
[EventRounds "9"]
[WhiteTeam "Würzburg 2"]
[BlackTeam "Kitzingen 1"]

1. e4 d5 2. exd5 Qxd5 3. d4 Nf6 4. Nf3 Bg4 5. Be2 c6 6. O-O e6 7. c4 Qd8 8. h3
Bh5 9. Bf4 Be7 10. Qb3 Qb6 11. Qxb6 axb6 12. Nc3 Bb4 13. Rfc1 Nbd7 14. a3 Bxc3
15. Rxc3 b5 16. d5 exd5 17. cxb5 c5 18. Re3+ Kd8 19. Ne5 Nxe5 20. Bxe5 d4 21.
Rd1 Bxe2 22. Rxe2 Re8 23. Kf1 Kd7 24. b4 b6 25. bxc5 bxc5 26. Bxf6 gxf6 27. Rc2
Kd6 28. Rdc1 Rec8 29. b6 Rxa3 30. b7 Rb8 31. Rxc5 Rxb7 32. Rc6+ Kd7 33. R6c4 d3
34. Rd1 Rbb3 35. f4 Kd6 36. Rc8 Ke6 37. g4 Kd5 38. Kf2 Ke4 39. Rc4+ Kd5 40. Rc8
Ke4 41. Rc4+ Kd5 42. Rc8 Rb2+ 43. Ke3 d2+ 44. Ke2 Rxh3 45. Rxd2+ Rxd2+ 46. Kxd2
Ke4 47. Rc7 Kxf4 48. Rxf7 Rh6 49. Rg7 Kf3 50. Kd3 Rh1 51. Kd2 Kf4 52. Ke2 Rh2+
53. Ke1 Kg3 54. Rf7 Rh6 55. Rg7 Kf3 56. Kd2 Rg6 57. Rxh7 Rxg4 58. Rf7 Rd4+ 59.
Ke1 Rd6 60. Rf8 Re6+ 61. Kf1 Ra6 62. Ke1 Kf4 63. Rb8 Ra3 64. Rb2 f5 65. Kf2 Kg4
66. Re2 f4 67. Rb2 Rh3 68. Rb4 Rh2+ 69. Kg1 Ra2 70. Rb3 Ra4 71. Rc3 Re4 72. Kf2
Re5 73. Ra3 Rh5 74. Kg2 Rh8 75. Rb3 Re8 76. Kf2 Ra8 77. Rc3 Ra2+ 78. Kf1 Rb2
79. Ra3 Rh2 80. Kg1 Re2 81. Kf1 Re6 82. Kf2 Re7 83. Rb3 Ra7 84. Rc3 1/2-1/2

[Event "Bayern-chTT (RL Nord-West)"]
[Site "Bayern 2008/09"]
[Date "2008.11.30"]
[Round "3.3"]
[White "Kunz, Konstantin"]
[Black "Gehlert, Klaus"]
[Result "1/2-1/2"]
[WhiteElo "2185"]
[BlackElo "2069"]
[PlyCount "58"]
[EventDate "2009.03.??"]
[EventType "team-tourn"]
[EventRounds "9"]
[WhiteTeam "Kitzingen 1"]
[BlackTeam "Würzburg 2"]

1. d4 e6 2. Nf3 f5 3. g3 Nf6 4. Bg2 Be7 5. c4 O-O 6. d5 Bb4+ 7. Nbd2 c6 8. dxe6
dxe6 9. O-O Nbd7 10. a3 Bd6 11. b4 Qe7 12. Bb2 e5 13. e4 Nxe4 14. Nxe4 fxe4 15.
Nd2 e3 16. fxe3 Rxf1+ 17. Qxf1 Nf6 18. Ne4 Nxe4 19. Bxe4 Qg5 20. Re1 h5 21. Bc2
Bc7 22. Qd3 Bh3 23. Qh7+ Kf7 24. Qe4 Rf8 25. Bc1 h4 26. Qxh4 Qxh4 27. gxh4 Bd8
28. Be4 Bxh4 29. Rd1 Ke6 1/2-1/2

[Event "Bayern-chTT (RL Nord-West)"]
[Site "Bayern 2008/09"]
[Date "2008.11.30"]
[Round "3.4"]
[White "Vogt, Thomas(67)"]
[Black "Basel, Matthias"]
[Result "1/2-1/2"]
[WhiteElo "1895"]
[BlackElo "1994"]
[PlyCount "127"]
[EventDate "2009.03.??"]
[EventType "team-tourn"]
[EventRounds "9"]
[WhiteTeam "Würzburg 2"]
[BlackTeam "Kitzingen 1"]

1. e4 g6 2. d4 Bg7 3. Nc3 d6 4. Be3 c6 5. a4 Nf6 6. h3 O-O 7. Nf3 Qc7 8. a5 e5
9. dxe5 dxe5 10. Bc4 Qe7 11. O-O h6 12. Qc1 Kh7 13. Rd1 Nbd7 14. Qd2 Nc5 15.
Bxc5 Qxc5 16. Bb3 Nh5 17. Qd6 Qxd6 18. Rxd6 Nf4 19. a6 bxa6 20. Ra5 Be6 21.
Bxe6 Nxe6 22. Rxc6 Rfb8 23. b3 Nd4 24. Nxd4 exd4 25. Nd5 d3 26. cxd3 Rxb3 27.
Nf6+ Kh8 28. Raxa6 Rxd3 29. Rc7 Rf8 30. Rcxa7 Rd2 31. e5 g5 32. Re7 Bxf6 33.
Rxf6 Kg7 34. Ra6 Rd4 35. e6 Rf4 36. Raa7 Kg6 37. Rxf7 R4xf7 38. exf7 Kg7 39. g3
Rb8 40. Kf1 Rb3 41. Kg2 Rc3 42. Rb7 Ra3 43. Re7 Ra5 44. Rb7 Rf5 45. f3 Ra5 46.
Kf2 Ra6 47. g4 Rf6 48. Kg3 Kf8 49. Kf2 Kg7 50. Ke3 Re6+ 51. Kd4 Rf6 52. Ke4
Rf4+ 53. Ke3 Rf6 54. Rb4 Rxf7 55. f4 gxf4+ 56. Rxf4 Ra7 57. Ke4 Kg6 58. Rf5
Ra4+ 59. Kf3 Ra3+ 60. Kg2 Rb3 61. h4 Ra3 62. Rb5 Rc3 63. Rb6+ Kg7 64. h5
1/2-1/2

[Event "Bayern-chTT (RL Nord-West)"]
[Site "Bayern 2008/09"]
[Date "2008.11.30"]
[Round "3.5"]
[White "Hanft, Michael"]
[Black "Ersoez, Can"]
[Result "1/2-1/2"]
[WhiteElo "1977"]
[BlackElo "1883"]
[PlyCount "128"]
[EventDate "2009.03.??"]
[EventType "team-tourn"]
[EventRounds "9"]
[WhiteTeam "Kitzingen 1"]
[BlackTeam "Würzburg 2"]

1. d4 Nf6 2. c4 g6 3. Nc3 Bg7 4. e4 d6 5. f3 O-O 6. Be3 Nc6 7. Nge2 a6 8. Qd2
Rb8 9. Nc1 e5 10. Nb3 exd4 11. Nxd4 Ne5 12. Bh6 Nxe4 13. Nxe4 Qh4+ 14. Qf2
Qxf2+ 15. Kxf2 Bxh6 16. Nf6+ Kg7 17. Nd5 c6 18. Nb6 Re8 19. Nxc8 Rbxc8 20. Rd1
Rcd8 21. Be2 d5 22. cxd5 Rxd5 23. Nb3 Red8 24. Rxd5 Rxd5 25. g3 Kf6 26. f4 Nd3+
27. Bxd3 Rxd3 28. Ke2 Rd5 29. Rc1 Bf8 30. Rc4 h5 31. Re4 a5 32. Re8 Bb4 33. a3
a4 34. axb4 axb3 35. Re3 Rb5 36. Rxb3 c5 37. Rc3 Rxb4 38. b3 b6 39. Kf3 Kf5 40.
Re3 Rd4 41. h3 Kf6 42. h4 Rd6 43. Kf2 Rc6 44. Rd3 b5 45. Ke2 c4 46. bxc4 bxc4
47. Rd5 c3 48. Kd1 c2+ 49. Kc1 Rc3 50. Rg5 Kg7 51. f5 Kf6 52. fxg6 fxg6 53. g4
hxg4 54. Rxg4 Kf5 55. Rg5+ Kf6 56. Rg4 Rc6 57. Ra4 Kf5 58. Rb4 Re6 59. Kxc2 Re4
60. Rb5+ Kf6 61. h5 g5 62. Rb6+ Kg7 63. Rg6+ Kh7 64. Rxg5 Kh6 1/2-1/2

[Event "Bayern-chTT (RL Nord-West)"]
[Site "Bayern 2008/09"]
[Date "2008.11.30"]
[Round "3.6"]
[White "Posske, Thore"]
[Black "Kwossek, Georg"]
[Result "0-1"]
[WhiteElo "1939"]
[BlackElo "1936"]
[PlyCount "74"]
[EventDate "2009.03.??"]
[EventType "team-tourn"]
[EventRounds "9"]
[WhiteTeam "Würzburg 2"]
[BlackTeam "Kitzingen 1"]

1. e4 e6 2. d4 d5 3. Bd3 dxe4 4. Bxe4 Nf6 5. Bf3 c5 6. c3 cxd4 7. Qa4+ Bd7 8.
Qxd4 Nc6 9. Qh4 Be7 10. Qg3 O-O 11. Ne2 e5 12. Bg5 Re8 13. Nd2 Bf5 14. Rd1 Bc2
15. Rc1 Bg6 16. h4 e4 17. Bg4 h5 18. Bh3 Bd6 19. Bf4 Ne5 20. O-O Nd5 21. Bxe5
Bxe5 22. f4 exf3 23. Qxf3 Ne3 24. Ne4 Nxf1 25. Rxf1 Qxh4 26. Nc5 Qe7 27. Nd7
Rad8 28. Nxe5 Qxe5 29. Nd4 Qe3+ 30. Qxe3 Rxe3 31. Kf2 Re7 32. g3 a6 33. Bg2 Be4
34. Re1 Rde8 35. Bh3 g5 36. Bf1 f5 37. Bc4+ Kg7 0-1

[Event "Bayern-chTT (RL Nord-West)"]
[Site "Bayern 2008/09"]
[Date "2008.11.30"]
[Round "3.7"]
[White "Gernert, Ingolf"]
[Black "Kinkelin, Ulrich"]
[Result "1-0"]
[WhiteElo "1971"]
[BlackElo "1899"]
[PlyCount "57"]
[EventDate "2009.03.??"]
[EventType "team-tourn"]
[EventRounds "9"]
[WhiteTeam "Kitzingen 1"]
[BlackTeam "Würzburg 2"]

1. c4 Nf6 2. g3 g6 3. Bg2 Bg7 4. Nc3 d6 5. d3 e5 6. Bd2 O-O 7. Qc1 c6 8. Bg5
Qc7 9. h3 b6 10. Ne4 Nbd7 11. Nf3 Bb7 12. Nh2 Rac8 13. Ng4 Nh5 14. Be7 f5 15.
Nxd6 fxg4 16. hxg4 Nhf6 17. Bxf8 Rxf8 18. Nxb7 Qxb7 19. g5 Nh5 20. O-O Qc7 21.
e3 Bh8 22. b4 Qd6 23. b5 e4 24. d4 cxb5 25. cxb5 Nxg3 26. Qc4+ Kg7 27. fxg3
Qxg3 28. Rxf8 Qxe3+ 29. Rf2 1-0

[Event "Bayern-chTT (RL Nord-West)"]
[Site "Bayern 2008/09"]
[Date "2008.11.30"]
[Round "3.8"]
[White "Bachmann, Wolfgang"]
[Black "Eckert, Leo"]
[Result "1-0"]
[WhiteElo "1903"]
[BlackElo "1871"]
[PlyCount "63"]
[EventDate "2009.03.??"]
[EventType "team-tourn"]
[EventRounds "9"]
[WhiteTeam "Würzburg 2"]
[BlackTeam "Kitzingen 1"]

1. d4 c5 2. e3 e6 3. Nf3 Nf6 4. Bd3 b6 5. Nbd2 Bb7 6. c3 Be7 7. O-O O-O 8. Qe2
d6 9. Re1 Nbd7 10. e4 cxd4 11. cxd4 Rc8 12. Nf1 Qc7 13. Bg5 h6 14. Bh4 Qd8 15.
Rac1 Nh5 16. Rxc8 Bxc8 17. Bxe7 Qxe7 18. g3 Nhf6 19. Rc1 e5 20. Rc7 exd4 21.
Rxa7 Re8 22. N1d2 d5 23. Nxd4 dxe4 24. Bb5 e3 25. fxe3 Qxe3+ 26. Qxe3 Rxe3 27.
Rc7 Re8 28. Nc4 Nd5 29. Ra7 N5f6 30. Nf5 Re1+ 31. Kf2 Ra1 32. Ne7+ 1-0

[Event "Bayern-chTT (RL Nord-West)"]
[Site "Bayern 2008/09"]
[Date "2008.11.30"]
[Round "3.1"]
[White "Breithut, Kurt-Georg"]
[Black "Englert, Fabian"]
[Result "0-1"]
[WhiteElo "2126"]
[BlackElo "2174"]
[PlyCount "136"]
[EventDate "2009.03.??"]
[EventType "team-tourn"]
[EventRounds "9"]
[WhiteTeam "Bamberg-SC 2"]
[BlackTeam "Klingenberg 1"]

1. d4 Nf6 2. g3 c5 3. c3 cxd4 4. cxd4 d5 5. Bg2 Nc6 6. Nf3 Bf5 7. O-O e6 8. Nc3
a6 9. Bg5 Be7 10. Nh4 Bg4 11. h3 Bh5 12. g4 h6 13. Be3 Nd7 14. Nf3 Bg6 15. Bf4
O-O 16. Qd2 Na5 17. Ne5 Nxe5 18. Bxe5 Nc4 19. Qc1 Nxe5 20. dxe5 Rc8 21. Qd2 Bb4
22. a3 Bxc3 23. bxc3 Qc7 24. f4 Qxc3 25. Qxc3 Rxc3 26. f5 Bh7 27. e4 dxe4 28.
Bxe4 exf5 29. gxf5 Re8 30. Rad1 Rc5 31. Bxb7 Rcxe5 32. f6 Rg5+ 33. Kh1 gxf6 34.
Rxf6 Re3 35. Rxh6 Rxa3 36. Rg1 Rxg1+ 37. Kxg1 Bg6 38. Rh4 a5 39. Bc6 Rc3 40.
Bd7 Rd3 41. Bc6 Rc3 42. Bd7 Kf8 43. Ra4 Rc5 44. Ra3 Ke7 45. Bg4 Kd6 46. Bf3 Bc2
47. Kf2 a4 48. Ke3 Bb3 49. Kd4 Rc4+ 50. Kd3 Kc5 51. Bh5 Rc1 52. Bxf7 Kb4 53.
Rxa4+ Bxa4 54. Be6 Kc5 55. Ke4 Kd6 56. Bg4 Bd7 57. Be2 Bxh3 58. Ke3 Ke5 59. Kd2
Rc7 60. Ke3 Rc3+ 61. Kd2 Kd4 62. Bd1 Bf5 63. Ba4 Ra3 64. Bd1 Ra2+ 65. Ke1 Ke3
66. Kf1 Ra1 67. Kg1 Rxd1+ 68. Kh2 Be4 0-1

[Event "Bayern-chTT (RL Nord-West)"]
[Site "Bayern 2008/09"]
[Date "2008.11.30"]
[Round "3.2"]
[White "Strobel, Walter(53)"]
[Black "Saring, Christoph Dr"]
[Result "1-0"]
[WhiteElo "2127"]
[BlackElo "2005"]
[PlyCount "103"]
[EventDate "2009.03.??"]
[EventType "team-tourn"]
[EventRounds "9"]
[WhiteTeam "Klingenberg 1"]
[BlackTeam "Bamberg-SC 2"]

1. e4 Nc6 2. Nc3 e5 3. f4 d6 4. Nf3 Bg4 5. Bb5 Nge7 6. fxe5 dxe5 7. O-O Qd6 8.
d3 O-O-O 9. Be3 f5 10. Kh1 f4 11. Bg1 g5 12. a4 Bh5 13. Qe1 Bxf3 14. gxf3 Nd4
15. Qf2 c6 16. Bc4 h5 17. Nd1 g4 18. c3 Nxf3 19. Qxa7 Nxg1 20. Kxg1 Ng6 21. b4
Qb8 22. Qb6 Qc7 23. Qa7 Qb8 24. Qb6 Qc7 25. a5 Qxb6+ 26. axb6 Kd7 27. Ra7 Rb8
28. Nb2 Be7 29. Bf7 Nh4 30. Nc4 Nf3+ 31. Kg2 Bd8 32. Rxf3 gxf3+ 33. Kxf3 Ke7
34. Bg6 Kf6 35. Bf5 Rg8 36. d4 exd4 37. cxd4 Kg5 38. Ra2 Be7 39. Rb2 Ra8 40. b5
c5 41. d5 Ra4 42. Rg2+ Kf6 43. Rxg8 Rxc4 44. Rg6+ Kf7 45. e5 Rd4 46. d6 Bh4 47.
Rh6 c4 48. Rh7+ Kf8 49. Rxb7 Bd8 50. Rb8 Ke8 51. b7 Rd5 52. Rxd8+ 1-0

[Event "Bayern-chTT (RL Nord-West)"]
[Site "Bayern 2008/09"]
[Date "2008.11.30"]
[Round "3.3"]
[White "Denk, Stefan(79)"]
[Black "Kraich, Klaus"]
[Result "1/2-1/2"]
[WhiteElo "1946"]
[BlackElo "2100"]
[PlyCount "36"]
[EventDate "2009.03.??"]
[EventType "team-tourn"]
[EventRounds "9"]
[WhiteTeam "Bamberg-SC 2"]
[BlackTeam "Klingenberg 1"]

1. c4 e5 2. Nc3 Nf6 3. d3 d5 4. cxd5 Nxd5 5. e4 Nf6 6. Nf3 Nc6 7. Be2 Bg4 8.
O-O Qd7 9. Be3 Bxf3 10. Bxf3 Rd8 11. Nd5 Be7 12. d4 exd4 13. Bxd4 Nxd4 14. Qxd4
c6 15. Nxf6+ Bxf6 16. Qxa7 O-O 17. Rad1 Bd4 18. Qa4 c5 1/2-1/2

[Event "Bayern-chTT (RL Nord-West)"]
[Site "Bayern 2008/09"]
[Date "2008.11.30"]
[Round "3.4"]
[White "Kuhn, Tobias(85)"]
[Black "Bucka, Reinhard"]
[Result "0-1"]
[WhiteElo "2053"]
[BlackElo "1971"]
[PlyCount "108"]
[EventDate "2009.03.??"]
[EventType "team-tourn"]
[EventRounds "9"]
[WhiteTeam "Klingenberg 1"]
[BlackTeam "Bamberg-SC 2"]

1. e4 c5 2. Nc3 Nc6 3. g3 g6 4. Bg2 Bg7 5. d3 d6 6. f4 e6 7. Nf3 Nge7 8. O-O
O-O 9. Be3 Nd4 10. Bf2 Rb8 11. e5 Nxf3+ 12. Qxf3 dxe5 13. Bxc5 b6 14. Ba3 Bb7
15. Qe2 Bxg2 16. Kxg2 exf4 17. Rxf4 Nd5 18. Nxd5 Qxd5+ 19. Qe4 Rfd8 20. Re1
Rbc8 21. Re2 b5 22. b3 a6 23. Be7 Rd7 24. Qxd5 Rxd5 25. Bf6 Rc6 26. Bxg7 Kxg7
27. Rfe4 Kf6 28. Kf2 Ke7 29. Ke3 f5 30. Rh4 Re5+ 31. Kf3 Rxe2 32. Rxh7+ Kf6 33.
Kxe2 Rxc2+ 34. Ke3 Rxa2 35. Kd4 a5 36. Kc5 Ra3 37. Kxb5 Rxb3+ 38. Kc4 Ra3 39.
Rh8 a4 40. Rf8+ Ke7 41. Ra8 Ra2 42. Kd4 Rxh2 43. Ke5 Re2+ 44. Kf4 Rd2 45. Ke3
Ra2 46. Kf4 a3 47. Kg5 Rg2 48. Ra7+ Kd6 49. Rxa3 Rxg3+ 50. Kf6 f4 51. Ra8 f3
52. Rd8+ Kc7 53. Rf8 Kd7 54. Ke5 Rg5+ 0-1

[Event "Bayern-chTT (RL Nord-West)"]
[Site "Bayern 2008/09"]
[Date "2008.11.30"]
[Round "3.5"]
[White "Weinberg, Wladimir"]
[Black "Wambach, Juergen"]
[Result "0-1"]
[WhiteElo "1923"]
[BlackElo "1975"]
[PlyCount "56"]
[EventDate "2009.03.??"]
[EventType "team-tourn"]
[EventRounds "9"]
[WhiteTeam "Bamberg-SC 2"]
[BlackTeam "Klingenberg 1"]

1. Nf3 d5 2. g3 Nf6 3. Bg2 e6 4. O-O c5 5. d3 Nc6 6. Nbd2 Be7 7. e4 O-O 8. e5
Nd7 9. Re1 Kh8 10. h4 f6 11. exf6 gxf6 12. c3 e5 13. Nf1 d4 14. c4 Rg8 15. N3d2
Nf8 16. Ne4 Bg4 17. Bf3 Bd7 18. a3 Ne6 19. Bg2 Qe8 20. Ned2 Qg6 21. Nf3 Bd6 22.
Bh3 Rad8 23. Qd2 Nf4 24. Bxd7 Rxd7 25. Rd1 Qg4 26. Ne1 e4 27. dxe4 Ne2+ 28. Kh1
Qxh4+ 0-1

[Event "Bayern-chTT (RL Nord-West)"]
[Site "Bayern 2008/09"]
[Date "2008.11.30"]
[Round "3.6"]
[White "Suess, Mirco"]
[Black "Stich, Christopher"]
[Result "1-0"]
[WhiteElo "1930"]
[BlackElo "1951"]
[PlyCount "77"]
[EventDate "2009.03.??"]
[EventType "team-tourn"]
[EventRounds "9"]
[WhiteTeam "Klingenberg 1"]
[BlackTeam "Bamberg-SC 2"]

1. e4 g6 2. d4 Bg7 3. f4 d6 4. Nf3 Nf6 5. Nc3 O-O 6. Bd3 Nc6 7. e5 dxe5 8. dxe5
Nd5 9. Nxd5 Qxd5 10. Qe2 Bg4 11. Be4 Qa5+ 12. Bd2 Qb6 13. Bc3 Rad8 14. Qf2 f6
15. Qxb6 cxb6 16. O-O Bxf3 17. Bxf3 fxe5 18. fxe5 Bxe5 19. Bxe5 Nxe5 20. Bxb7
Rxf1+ 21. Kxf1 Kg7 22. Ke2 Rd7 23. Be4 Rd6 24. Re1 Nc4 25. b3 Re6 26. Kd3 Nd6
27. c4 Nxe4 28. Rxe4 Kf6 29. Rxe6+ Kxe6 30. Ke4 a5 31. a3 Kd6 32. b4 a4 33. g4
h5 34. g5 e6 35. Kd4 h4 36. h3 e5+ 37. Ke4 Ke6 38. c5 bxc5 39. bxc5 1-0

[Event "Bayern-chTT (RL Nord-West)"]
[Site "Bayern 2008/09"]
[Date "2008.11.30"]
[Round "3.7"]
[White "Ortlauf, Erwin"]
[Black "Zoeller, Bernd"]
[Result "1-0"]
[WhiteElo "1910"]
[BlackElo "1904"]
[PlyCount "47"]
[EventDate "2009.03.??"]
[EventType "team-tourn"]
[EventRounds "9"]
[WhiteTeam "Bamberg-SC 2"]
[BlackTeam "Klingenberg 1"]

1. d4 Nf6 2. c4 e6 3. Nc3 Bb4 4. Qc2 c5 5. e3 O-O 6. Nf3 d5 7. a3 cxd4 8. axb4
dxc3 9. bxc3 dxc4 10. Bxc4 Qc7 11. Bd3 b6 12. O-O Bb7 13. e4 h6 14. Bb2 Nbd7
15. c4 a5 16. bxa5 bxa5 17. h3 Qf4 18. Rfe1 Rfd8 19. Bc3 Nc5 20. Be5 Nxd3 21.
Bxf4 Nxf4 22. Ne5 Rd4 23. f3 N6h5 24. Qb2 1-0

[Event "Bayern-chTT (RL Nord-West)"]
[Site "Bayern 2008/09"]
[Date "2008.11.30"]
[Round "3.8"]
[White "Link, Klaus"]
[Black "Buecker, Florian"]
[Result "1/2-1/2"]
[WhiteElo "1935"]
[BlackElo "1549"]
[PlyCount "174"]
[EventDate "2009.03.??"]
[EventType "team-tourn"]
[EventRounds "9"]
[WhiteTeam "Klingenberg 1"]
[BlackTeam "Bamberg-SC 2"]

1. e4 e6 2. d4 d5 3. Nc3 Nf6 4. e5 Nfd7 5. f4 c5 6. Nf3 Nc6 7. Be3 Qa5 8. Qd2
a6 9. Ne2 Qxd2+ 10. Nxd2 Nb4 11. Kd1 b6 12. a3 Nc6 13. g3 Bb7 14. Bg2 Rc8 15.
c3 cxd4 16. Nxd4 Nxd4 17. cxd4 Be7 18. Nb3 O-O 19. Kd2 Rc7 20. Rac1 Rfc8 21.
Rxc7 Rxc7 22. Rc1 Rxc1 23. Kxc1 g6 24. g4 Bc8 25. f5 Nf8 26. f6 Bd8 27. g5 Nd7
28. Bf1 b5 29. Bd2 Bb6 30. Bb4 Nb8 31. Bc5 Bxc5 32. Nxc5 Nc6 33. Nb3 Kf8 34.
Kd2 Ke8 35. Kc3 Kd8 36. Nc5 Kc7 37. h4 Kb6 38. b4 Nd8 39. Bd3 Ka7 40. Be2 Kb6
41. h5 Kc6 42. hxg6 hxg6 43. Bd3 Kb6 44. Bc2 Kc6 45. Kb3 Kb6 46. Nd3 Bd7 47.
Kc3 Kc6 48. Nc5 Be8 49. Bd3 Kb6 50. Nb3 Kc6 51. Nd2 Bd7 52. Nf1 Be8 53. Ne3 Kc7
54. Be2 Kb6 55. Ng4 Kc7 56. Bd3 Kb6 57. Ne3 Kc7 58. Nc2 Bd7 59. a4 Kb6 60. a5+
Kc7 61. Na1 Bc8 62. Nb3 Kc6 63. Nc5 Kc7 64. Nb3 Kc6 65. Nd2 Bd7 66. Nf1 Kc7 67.
Ne3 Be8 68. Be2 Kc6 69. Bf3 Nb7 70. Ng4 Kd7 71. Nh6 Nd8 72. Ng8 Nc6 73. Be2 Nd8
74. Ne7 Nc6 75. Ng8 Nd8 76. Bg4 Kc6 77. Ne7+ Kc7 78. Bf3 Nc6 79. Ng8 Kd7 80.
Bg4 Kc7 81. Bh3 Kb8 82. Nh6 Nd8 83. Ng4 Kc7 84. Nf2 Bd7 85. Nd3 Kc6 86. Bf1 Bc8
87. Nf4 Bd7 1/2-1/2